| 000 | 00482cam a2200181 4500 | ||
|---|---|---|---|
| 001 | D4153 | ||
| 008 | 090401t1973 xxu||||| |||| 00| 0 eng d | ||
| 035 | _a(Sirsi) u76752 | ||
| 041 | _aeng | ||
| 050 | _a526.99 | ||
| 110 |
_aAdmiralty _91055 |
||
| 245 | 4 | _aThe Admiralty manual of hydrographic surveying, volume 2. Chapters 1 - 5 | |
| 260 |
_aTaunton _bHydrographer of the Navy _c1969-1973 |
||
| 300 | _ac. 350p. illus. 27cm | ||
| 350 | _a0 | ||
| 942 | _n0 | ||
| 948 | _c04/03/1997 | ||
| 999 |
_c96241 _d96241 |
||